Guess the NBA team by their Legend - Statistics

General Stats
  • This quiz has been taken 1,394 times
  • The average score is 28 of 30
Answer Stats
Legend Team % Correct
Dwyane Wade Heat
100%
Kobe Bryant Lakers
100%
LeBron James Cavaliers
99%
Michael Jordan Bulls
98%
Dirk Nowitzki Mavericks
98%
Steve Nash Suns
97%
Kareem Abdul-Jabbar Bucks
96%
Bill Russell Celtics
96%
Hakeem Olajuwon Rockets
96%
Allen Iverson 76ers
95%
Kemba Walker Hornets
95%
Shaquille O'Neal Magic
95%
Isiah Thomas Pistons
95%
Russell Westbrook Thunder
95%
John Wall Wizards
95%
Anthony Davis Pelicans
94%
Vince Carter Raptors
94%
Karl Malone Jazz
93%
Patrick Ewing Knicks
93%
David Robinson Spurs
93%
Wilt Chamberlain Warriors
93%
Dominique Wilkins Hawks
92%
Reggie Miller Pacers
92%
Kevin Garnett Timberwolves
92%
Jason Kidd Nets
91%
Chris Paul Clippers
90%
Marc Gasol Grizzlies
90%
Oscar Robertson Kings
90%
Clyde Drexler Trailblazers
90%
Fat Lever Nuggets
78%
No matching quizzes found
Score Distribution
Percent of People with Each Score
Percentile by Number Answered
Your Score History
You have not taken this quiz